00489nam a2200169 4500003001100000005001700011008004100028040003900069041000800108082001300116100002200129245005400151260003900205490003500244650001800279650002200297LK-CoMWRAF20231020140721.0230925b |||||||| |||| 00| 0 eng d aLK-CoMWRAFdLK-CoMWRAFeLK-CoMWRAF aeng a823bKHA aKhan, Saniyasnain aTwo tales :bThe army of ants : The powerful jinn aNew Delhi :bGoodword books,c2007 aFavourite tales from the Quran aChild-Fiction aChild story-Quran